Na Urpín po novom náučnom chodníku

Bibliographic Details
Main Author: Burkovský, Július, 1939- (Author)
Format: Article
Language:Slovak
PhysicalDescription:Fotografie
ISSN:2585-9420
Subjects:

MARC

LEADER 00000nab a2200000 4500
001 vtls011917284
003 SK-MaSNL
005 20260303095131.0
008 200212|2014 xo qr p || |||| ||slo
015 |a SNBRA 2015  |2 svkbbbg 
038 |a SVKBBBG 
040 |a SVKBBBG  |b slo  |c SVKBBBG  |e rda 
041 0 |a slo 
043 |a e-xo--- 
044 |a xo  |c SK 
072 7 |a 502  |x Životné prostredie a jeho ochrana  |2 konspekt 
080 |a 502.2:625.711.6  |2 2011 
080 |a (437.642)  |2 2011 
100 1 |a Burkovský, Július,  |d 1939-  |4 aut  |9 104625 
245 1 0 |a Na Urpín po novom náučnom chodníku  |c Július Burkovský 
300 |b Fotografie 
336 |a text  |b txt  |2 rdacontent 
337 |a bez média  |b n  |2 rdamedia 
338 |a zväzok  |b nc  |2 rdacarrier 
650 0 7 |a náučné chodníky  |2 SNKPH  |9 4212 
651 7 |a Urpín (Slovensko : vrch)  |2 SNKPHgeo  |9 671314 
773 0 |t Bystrický Permon  |d Roč. XII., č. 5 (2014)  |g S. 15  |x 2585-9420 
852 |a SVKBB  |b KIS3GCP 
958 |a NB 
958 |a PM 
999 |c 1823949  |d 1825879